[Event "Politiken"]
[Site "Copenhagen DEN"]
[Date "1996.06.28"]
[Round "6"]
[White "Hansen, Mo"]
[Black "Harestad, H"]
[Result "0-1"]
[WhiteElo "2085"]
[BlackElo "2145"]

1. d4 Nf6 2. c4 g6 3. Nc3 Bg7 4. e4 d6 5. f3 O-O 6. Be3 e5 7. Nge2 c6 8.
Qd2 Nbd7 9. Bh6 Nxe4 10. Nxe4 Qh4+ 11. g3 Qxh6 12. Qxh6 Bxh6 13. Nxd6 Rd8
14. Rd1 exd4 15. Nxd4 Nc5 16. Nxc8 Raxc8 17. Be2 Na4 18. Nb3 Nxb2 19. Rxd8+
Rxd8 20. Kf2 b6 21. Rb1 Bg7 22. Ke3 a5 23. f4 a4 24. Nd2 Bd4+ 25. Kf3 Re8
26. Nf1 Kf8 27. Rc1 a3 28. Rc2 Na4 29. Rd2 c5 30. Bd1 Nc3 31. Bb3 Re1 32.
Kg2 Rb1 33. g4 Rxb3 34. axb3 a2 35. Rxa2 Nxa2 36. Kf3 Nc1 37. Nd2 f5 38.
gxf5 gxf5 39. h3 Bc3 40. Nf1 Nxb3 41. Ne3 Nd4+ 42. Kg3 Be1+ 43. Kg2 Kf7 44.
Nd5 b5 45. cxb5 Nxb5 46. Ne3 Ke6 47. Kf3 Nd4+ 0-1

[Event "Politiken"]
[Site "Copenhagen DEN"]
[Date "1996.06.28"]
[Round "6"]
[White "Ksieski, Z"]
[Black "Krasenkow, M"]
[Result "0-1"]
[WhiteElo "2400"]
[BlackElo "2610"]

1. c4 g6 2. d4 Bg7 3. Nc3 d6 4. e4 Nc6 5. Be3 e5 6. d5 Nce7 7. c5 f5 8.
Bb5+ Kf8 9. cxd6 cxd6 10. a4 f4 11. Bd2 g5 12. g3 Ng6 13. h4 gxh4 14. gxf4
exf4 15. Qf3 Qf6 16. Qh5 Nh6 17. Nh3 Bg4 18. Qg5 Bxh3 19. Qxf6+ Bxf6 20.
Rxh3 Nf7 21. Rh1 Nfe5 22. Rh3 f3 23. a5 a6 24. Bf1 Rc8 25. Ra4 h6 26. Rb4
Rc7 27. Be3 Bg5 28. Bb6 Rhh7 29. Bxc7 Rxc7 30. Kd1 Nf4 31. Kc2 Nxh3 32.
Bxh3 Bf4 33. Rb3 Bg3 34. fxg3 hxg3 35. Kd2 Rg7 36. Ne2 g2 37. Bxg2 Rxg2 38.
Rxb7 Rxe2+ 39. Kd1 Rxe4 0-1

[Event "Politiken"]
[Site "Copenhagen DEN"]
[Date "1996.06.28"]
[Round "6"]
[White "Jorgensen, S"]
[Black "Andersen, P"]
[Result "0-1"]
[WhiteElo "2065"]
[BlackElo "2070"]

1. e4 g6 2. d4 Bg7 3. c4 c5 4. d5 d6 5. Nc3 Nf6 6. f3 a6 7. Be3 Nbd7 8. Bd3
Rb8 9. Nge2 b5 10. cxb5 Ne5 11. b3 Nxd3+ 12. Qxd3 axb5 13. O-O b4 14. Nb5
Nd7 15. Na7 Ne5 16. Qd2 Qb6 17. f4 Qxa7 18. fxe5 Bxe5 19. Rac1 Ba6 20. Rf3
Ra8 21. Rc2 Bxe2 22. Qxe2 Qd7 23. Bh6 f6 24. Rh3 Kf7 25. Bc1 h5 26. Kh1 Qg4
27. Rf3 Ra5 28. Bd2 Rha8 29. a4 bxa3 30. Bxa5 Rxa5 31. Ra2 Bb2 32. h3 Qg5
33. Rf1 Qe5 34. Re1 Qc3 35. Qe3 Qxe3 36. Rxe3 Rb5 37. g3 Rb4 38. Kg2 f5 39.
exf5 gxf5 40. Rd3 Kf6 41. Kf3 Ke5 42. Re3+ Re4 43. Rd3 Rd4 44. Re3+ Re4 45.
Rd3 e6 46. dxe6 Kxe6 47. Rd2 d5 48. Raxb2 axb2 49. Rxb2 Rb4 50. Re2+ Kf6
51. Re3 d4 52. Rd3 Ke5 53. Ke2 Ke4 54. Rf3 c4 55. Rf4+ Ke5 56. bxc4 Rxc4
57. Rf1 Rc2+ 58. Kf3 Rc3+ 59. Kf2 Ke4 60. Re1+ Re3 61. Ra1 h4 62. g4 f4 63.
Rh1 f3 64. g5 Re2+ 65. Kf1 d3 0-1

[Event "Politiken"]
[Site "Copenhagen DEN"]
[Date "1996.06.28"]
[Round "6"]
[White "Tukmakov, V"]
[Black "Pedersen, St"]
[Result "1-0"]
[WhiteElo "2595"]
[BlackElo "2405"]

1. Nf3 f5 2. g3 Nf6 3. Bg2 g6 4. O-O Bg7 5. d4 O-O 6. b3 d6 7. Bb2 Qe8 8.
Nbd2 Nc6 9. Re1 h6 10. e4 fxe4 11. Nxe4 Nxe4 12. Rxe4 Bf5 13. Re3 g5 14.
Qd2 Qh5 15. c4 Bg4 16. Ne1 Rae8 17. Nc2 Qg6 18. Rae1 Bf6 19. b4 Nd8 20. b5
c6 21. Nb4 Bd7 22. bxc6 Bxc6 23. Nd5 Bxd5 24. Bxd5+ Kh8 25. c5 Nc6 26. Bxc6
bxc6 27. Re6 Rd8 28. d5 dxc5 29. Rxc6 Qf5 30. Rxc5 e6 31. Bxf6+ Rxf6 32.
dxe6 Qxc5 33. Qxd8+ Kg7 34. Qd7+ Kg6 35. Qd3+ Kg7 36. Qd7+ Kg6 37. Re2 Qf5
38. Qe8+ Kg7 39. Qe7+ Kg6 40. Qe8+ Kg7 41. Qd7+ Kg6 42. Qc6 1-0

[Event "Politiken"]
[Site "Copenhagen DEN"]
[Date "1996.06.28"]
[Round "6"]
[White "Olsen, H"]
[Black "Molvig, H"]
[Result "1/2-1/2"]
[WhiteElo "2325"]
[BlackElo "2180"]

1. d4 Nf6 2. c4 g6 3. Nc3 Bg7 4. e4 d6 5. Be2 O-O 6. Bg5 c5 7. d5 h6 8. Be3
e6 9. h3 exd5 10. exd5 Re8 11. Nf3 a6 12. Qd2 Kh7 13. O-O Bf5 14. a4 Ne4
15. Nxe4 Bxe4 16. Ne1 Nd7 17. Nd3 Bxd3 18. Bxd3 Qh4 19. Rac1 Re7 20. a5
Rae8 21. Rfe1 Bd4 22. Bxd4 Qxd4 23. Rxe7 Rxe7 24. Qc3 Qf4 25. g3 Qg5 26.
Kg2 Kg8 27. Rb1 h5 28. h4 Qe5 29. Qxe5 Rxe5 30. Rc1 Kg7 31. Rc3 Re8 32. Bc2
b5 33. axb6 Nxb6 34. Bd3 Kf6 35. Ra3 Ra8 36. Rb3 Rb8 37. Ra3 Ra8 38. Rb3
Rb8 1/2-1/2

[Event "Politiken"]
[Site "Copenhagen DEN"]
[Date "1996.06.28"]
[Round "6"]
[White "Sobjerg, E"]
[Black "Nielsen, JW"]
[Result "1-0"]
[WhiteElo "2320"]
[BlackElo "2150"]

1. e4 Nf6 2. Nc3 d5 3. e5 d4 4. exf6 dxc3 5. fxg7 cxd2+ 6. Bxd2 Bxg7 7. Qf3
Bxb2 8. Rd1 Qd4 9. Ne2 Qg4 10. Qb3 Bg7 11. Nf4 Nc6 12. Be2 Qf5 13. Be3 Qa5+
14. Kf1 e6 15. Nh5 O-O 16. Nxg7 Kxg7 17. Bb5 Qb4 18. Qxb4 Nxb4 19. Bc5 Nxa2
20. Rd3 Rh8 21. Bc4 b6 22. Rg3+ Kf6 23. Bd4+ e5 24. Rf3+ Ke7 25. Bxe5 Be6
26. Bxe6 Kxe6 27. Bxh8 Rxh8 28. Ra3 Rd8 29. Ke2 Nb4 30. Rc1 a5 31. Rh3 Rg8
32. Kf1 Rg7 33. c3 Nd5 34. c4 Nf4 35. Re3+ Kd6 36. g3 Ne6 37. Rd3+ Kc6 38.
f4 f5 39. Re1 Nc5 40. Rd5 Rf7 41. Re3 Ne4 42. Ke2 Nd6 43. Rd4 Kc5 44. Kd3
Ne4 45. Rd5+ Kc6 46. Kd4 Rf8 47. g4 Nd6 48. c5 Nb5+ 49. Kc4 fxg4 50. f5 Kb7
51. c6+ Kxc6 52. Rxb5 a4 53. Kb4 Ra8 54. f6 Rf8 55. Rf5 b5 56. Rd3 Rf7 57.
Rc5+ 1-0

[Event "Politiken"]
[Site "Copenhagen DEN"]
[Date "1996.06.28"]
[Round "6"]
[White "Kristensen, L"]
[Black "Nilssen, J"]
[Result "0-1"]
[WhiteElo "2360"]
[BlackElo "2275"]

1. d4 Nf6 2. Nf3 e6 3. g3 d5 4. Bg2 Be7 5. O-O O-O 6. c4 dxc4 7. Qc2 a6 8.
a4 Bd7 9. Ne5 Nc6 10. Nxc6 Bxc6 11. Bxc6 bxc6 12. Qxc4 Qd5 13. Na3 Rfb8 14.
Qxd5 cxd5 15. Rd1 Ne4 16. f3 Nd6 17. Rd3 Ra7 18. Rc3 Bf6 19. e3 Be7 20. Kf2
Kf8 21. Ke2 Ke8 22. Kd3 Kd7 23. e4 Nb7 24. Bf4 Na5 25. Rac1 Rbb7 26. g4 Bb4
27. R3c2 Bxa3 28. bxa3 Rb3+ 29. Rc3 Rab7 30. Rxb3 Rxb3+ 31. Rc3 Rxc3+ 32.
Kxc3 Nc4 33. Kb4 Kc6 34. exd5+ exd5 35. a5 Nd6 36. h4 Nb7 37. h5 Kd7 38.
Be5 g6 39. hxg6 hxg6 40. Bf4 Kc6 41. Be5 Nd8 42. f4 Nb7 43. f5 gxf5 44.
gxf5 Nd6 45. f6 Ne4 46. a4 Kd7 47. Kb3 c6 48. Kc2 Ke6 49. Bc7 Kxf6 50. Kd3
Kf5 51. Ke3 Kg4 52. Bb8 f5 53. Bc7 Ng5 0-1

[Event "Politiken"]
[Site "Copenhagen DEN"]
[Date "1996.06.28"]
[Round "6"]
[White "Antonsen, M"]
[Black "Bank, P"]
[Result "1/2-1/2"]
[WhiteElo "2410"]
[BlackElo "2230"]

1. d4 g6 2. e4 c6 3. Nc3 d5 4. e5 Qb6 5. f4 h5 6. Be2 Nh6 7. Nf3 Bg4 8. O-O
e6 9. Na4 Qa5 10. c3 Nf5 11. b4 Qc7 12. Nc5 a5 13. b5 b6 14. Na4 c5 15. c4
cxd4 16. cxd5 exd5 17. Qb3 Qd8 18. Bd3 Ne3 19. Rf2 Bc5 20. Bb2 Bxf3 21.
Rxf3 O-O 22. f5 g5 23. f6 Re8 24. Rxe3 dxe3 25. Bc2 Nd7 26. Nxc5 Nxc5 27.
Qxe3 Qxf6 28. Rf1 Qg7 29. Rf5 Ne6 30. h4 Rac8 31. Bd3 Rc5 32. hxg5 d4 33.
Qg3 Rc7 34. Qh2 Nc5 35. Bc4 Na4 36. e6 fxe6 37. Qxh5 Ree7 38. Rf6 Nxb2 39.
Bxe6+ Rxe6 40. Rxe6 Rc1+ 41. Kh2 Qc7+ 42. g3 Rc2+ 43. Kh3 Qc8 44. Qg6+ Kh8
45. Qf6+ Kg8 46. Qg6+ Kh8 47. Qh6+ Kg8 48. Qg6+ 1/2-1/2

[Event "Politiken"]
[Site "Copenhagen DEN"]
[Date "1996.06.28"]
[Round "6"]
[White "Hartung Nielsen, J"]
[Black "Arduman, C"]
[Result "0-1"]
[WhiteElo "2260"]
[BlackElo "2410"]

1. d4 Nf6 2. Nf3 g6 3. Bg5 Bg7 4. Nbd2 h6 5. Bh4 d6 6. c3 Nbd7 7. e4 e5 8.
Be2 O-O 9. dxe5 dxe5 10. Qc2 Qe8 11. Bxf6 Nxf6 12. O-O Nh5 13. Rfe1 Nf4 14.
Bc4 Qe7 15. a4 a5 16. Qb3 Qd7 17. Bf1 Qg4 18. Kh1 Qh5 19. Qc4 c6 20. Qc5
Bg4 21. Ng1 Be6 22. Ngf3 Rfd8 23. Nc4 Nd3 24. Bxd3 Rxd3 25. Ne3 Bf8 26. Qb6
Rd7 27. Nf1 Bd6 28. Qe3 g5 29. Ng3 Qg6 30. Red1 Rad8 31. Kg1 Qf6 32. Nh5
Qe7 33. h4 Bc5 34. Rxd7 Rxd7 35. Qe2 Bg4 36. Ng3 gxh4 37. Nf5 Bxf5 38. exf5
e4 39. f6 Qe6 40. Nxh4 e3 41. fxe3 Qxe3+ 42. Qxe3 Bxe3+ 43. Kh2 Bg5 44. Nf3
Bxf6 45. Re1 Kf8 46. Kg3 Re7 47. Rxe7 Kxe7 48. Kf4 Kd6 49. Ke4 Kc5 50. Kd3
Kd5 51. b3 Ke6 52. Nd2 Bd8 53. Ne4 Bb6 54. Ke2 f5 55. Nd2 Kd5 56. Kd3 Bd8
57. Nc4 Bc7 58. Ke3 b5 59. Nd2 Bd8 60. Kd3 bxa4 61. bxa4 Ke5 62. Nf3+ Kf4
63. Nd4 Bb6 64. Nxc6 Kg3 65. Ne7 f4 66. Nd5 Ba7 67. Ke4 Bb8 68. c4 h5 69.
c5 h4 70. c6 Kxg2 71. Nxf4+ Kg3 72. Ne2+ Kg4 73. Ng1 Bc7 74. Ke3 h3 75. Nf3
h2 76. Nxh2+ Bxh2 77. Kd4 Kf5 0-1

[Event "Politiken"]
[Site "Copenhagen DEN"]
[Date "1996.06.28"]
[Round "6"]
[White "Koch, W"]
[Black "Schneider, S"]
[Result "1/2-1/2"]
[WhiteElo "2325"]
[BlackElo "2225"]

1. d4 Nf6 2. Nf3 d5 3. c4 c6 4. cxd5 cxd5 5. Nc3 Nc6 6. Bf4 a6 7. Ne5 e6 8.
Nxc6 bxc6 9. e3 c5 10. dxc5 Bxc5 11. Be2 O-O 12. O-O Bd6 13. Bxd6 Qxd6 14.
a3 Bd7 15. b4 Rfc8 16. Qd2 Rc7 17. Rfc1 Rac8 18. Bf3 h6 19. Ne2 e5 20. Rxc7
Rxc7 21. g3 Bb5 22. Rc1 e4 23. Bg2 Bxe2 24. Rxc7 Qxc7 25. Qxe2 Qc1+ 26. Bf1
Qxa3 27. Qxa6 Qxb4 28. Qc8+ Kh7 29. Qf5+ Kg8 30. Qc8+ Qf8 31. Qc7 Qe8 32.
h3 Qe6 33. Kg2 Kh7 34. Bb5 g6 35. Ba4 Kg7 36. Bd1 Qa6 37. Qe5 Qe6 38. Qd4
Kh7 39. Bb3 Kg7 40. Bd1 Qd6 41. Bb3 Qc6 42. Bd1 Qc4 43. Qb2 Qc5 44. h4 Qd6
45. Qd4 Qe6 46. Kg1 g5 47. hxg5 hxg5 48. Kg2 Kg6 49. Bb3 Qf5 50. Bd1 Kh7
51. Qa7 Kg8 52. Qb8+ Kg7 53. Qb2 Kh7 54. Qd4 Kg8 55. Kg1 Kg7 56. Kg2 Kg6
57. Kg1 Kh7 58. Kg2 Qe6 59. Bb3 Kg8 60. Kg1 Qf5 61. Bd1 Kh7 62. Kg2 Ng8 63.
Bb3 Ne7 64. Kg1 Qe6 65. Kg2 f6 66. Qa7 Kg6 67. Qa8 Kg7 68. Qb7 Kf7 69. Qa8
Qe5 70. Qh8 Ke6 71. Qe8 Qd6 72. Qa4 f5 73. Qd4 Qe5 74. Qb6+ Kf7 75. Qb7 Kf6
76. Qb6+ Qe6 77. Qb8 Qe5 78. Qb6+ Qe6 1/2-1/2

[Event "Politiken"]
[Site "Copenhagen DEN"]
[Date "1996.06.28"]
[Round "6"]
[White "Hansen, SuB"]
[Black "Petursson, M"]
[Result "1-0"]
[WhiteElo "2495"]
[BlackElo "2585"]

1. e4 c5 2. Nf3 Nc6 3. d4 cxd4 4. Nxd4 g6 5. Nc3 Bg7 6. Be3 Nf6 7. Bc4 O-O
8. Bb3 d6 9. f3 Bd7 10. Qe2 Na5 11. O-O-O Nxb3+ 12. cxb3 Qa5 13. Kb1 Rab8
14. g4 b5 15. g5 Nh5 16. Nd5 Rfe8 17. a3 Rb7 18. b4 Qd8 19. Nb3 e6 20. Nf4
Nxf4 21. Bxf4 e5 22. Be3 Qe7 23. Rc1 a6 24. Na5 Rbb8 25. Nc6 Bxc6 26. Rxc6
Ra8 27. Qd2 Bf8 28. Qd5 Qd7 29. Rhc1 Rec8 30. h4 Be7 31. f4 exf4 32. Bxf4
Bf8 33. Bxd6 Bxd6 34. Rxd6 Rxc1+ 35. Kxc1 Rc8+ 36. Kb1 Qg4 37. Rf6 Rf8 38.
e5 Qxh4 39. e6 Qe1+ 40. Ka2 Qe2 41. exf7+ Kg7 42. Rf4 h5 43. gxh6+ Kh7 44.
Qd6 Qh5 45. Rf2 1-0

[Event "Politiken"]
[Site "Copenhagen DEN"]
[Date "1996.06.28"]
[Round "6"]
[White "Petersen, N"]
[Black "Bonnez, F"]
[Result "0-1"]
[WhiteElo "2155"]
[BlackElo "2205"]

1. Nc3 e5 2. Nf3 Nc6 3. d4 exd4 4. Nxd4 Nf6 5. Bf4 Bb4 6. Qd3 O-O 7. O-O-O
Nxd4 8. Qxd4 c5 9. Qd3 Qa5 10. f3 d5 11. a3 c4 12. Qd2 Bxc3 13. Qxc3 Qxc3
14. bxc3 Be6 15. Bd6 Rfc8 16. Kd2 Rc6 17. Be5 Nd7 18. Bd4 Ra6 19. Ra1 Rc8
20. e3 Ra5 21. Be2 Rc6 22. Rhb1 b6 23. a4 Nc5 24. Rb4 Bd7 25. Bxc5 Rcxc5
26. f4 Kf8 27. Rd1 Bxa4 28. g4 Bc6 29. e4 Ra2 30. e5 Rb5 31. Rdb1 Rxb4 32.
cxb4 b5 33. Kc3 Ke7 34. f5 Bb7 35. Bd1 Ra3+ 36. Kd4 Rh3 37. Kc5 Rxh2 38.
Ra1 a6 39. Kb6 Bc8 40. Kc7 Bd7 41. Rxa6 Be8 42. g5 Rd2 43. Bf3 Rxc2 44.
Bxd5 Rd2 45. Rd6 c3 46. f6+ gxf6 47. gxf6+ Kf8 48. Be4 c2 49. Bxc2 Rxc2+
50. Kb6 Rc4 51. Ka5 Re4 52. Rd5 h5 53. e6 fxe6 54. Rxh5 Bxh5 0-1

[Event "Politiken"]
[Site "Copenhagen DEN"]
[Date "1996.06.28"]
[Round "6"]
[White "Fulgsang, F"]
[Black "Larsen, Pet"]
[Result "1/2-1/2"]
[WhiteElo "2285"]
[BlackElo "2085"]

1. e4 e5 2. Bc4 Nc6 3. Nf3 Bc5 4. O-O Nf6 5. d3 d6 6. c3 O-O 7. Nbd2 Bg4 8.
Re1 Qe7 9. b4 Bb6 10. Bb3 Nh5 11. Nc4 Qf6 12. a4 Bxf3 13. Qxf3 Qxf3 14.
gxf3 a6 15. Nxb6 cxb6 16. Be3 b5 17. axb5 axb5 18. Kf1 g6 19. Ke2 Kg7 20.
Bb6 Nf4+ 21. Kd2 Rfc8 22. Reb1 Kf6 23. Be3 Nh5 24. Bd5 Ke7 25. c4 Rxa1 26.
Rxa1 bxc4 27. Bxc4 Ng7 28. b5 Nd8 29. Ra7 Rb8 30. f4 f6 31. fxe5 fxe5 32.
f4 Nge6 33. f5 gxf5 34. exf5 Nf4 35. Bg8 h6 36. Bb6 Kf6 37. Bh7 Nd5 38.
Bxd8+ Rxd8 39. Rxb7 Ne7 40. Kc3 Rc8+ 41. Kb3 Nxf5 42. Bxf5 Kxf5 43. b6 e4
44. dxe4+ Kxe4 45. Kb4 Rc2 46. h4 d5 47. Re7+ Kd3 48. Rc7 Rb2+ 49. Kc5 d4
50. Rd7 Ke3 51. Re7+ Kf3 52. Re6 d3 53. Rxh6 d2 54. Rd6 Ke2 55. h5 Rc2+ 56.
Kb5 Rb2+ 57. Kc6 Rc2+ 58. Kd7 Rb2 59. Kc7 Rc2+ 60. Kb8 Rc5 61. h6 Rh5 62.
b7 Rxh6 63. Rxh6 d1=Q 64. Re6+ Kf3 65. Ra6 Qd8+ 66. Ka7 Qd4+ 67. Ka8 Qd5
68. Ra4 Ke3 69. Ka7 Qc5+ 70. Ka8 1/2-1/2

[Event "Politiken"]
[Site "Copenhagen DEN"]
[Date "1996.06.28"]
[Round "6"]
[White "Preuss, F"]
[Black "Olsen, P"]
[Result "1-0"]
[WhiteElo "2100"]
[BlackElo "2225"]

1. e4 c6 2. d4 d5 3. exd5 cxd5 4. c4 Nf6 5. Nc3 g6 6. Qb3 Bg7 7. cxd5 O-O
8. Be2 Nbd7 9. Bf3 Nb6 10. Be3 Bg4 11. Bxg4 Nxg4 12. Nf3 Nf6 13. O-O Nfxd5
14. a4 Rc8 15. Nxd5 Qxd5 16. Qxd5 Nxd5 17. Rac1 Rfd8 18. Rxc8 Rxc8 19. Rc1
Rxc1+ 20. Bxc1 Kf8 21. Kf1 e6 22. Ke2 Ke7 23. Kd3 f6 24. b3 Kd6 25. g3 Kc6
26. Ne1 b5 27. axb5+ Kxb5 28. Nc2 Bf8 29. Bd2 Bd6 30. Ne3 Ne7 31. h3 h5 32.
g4 hxg4 33. hxg4 Bb4 34. Bc1 Kc6 35. f3 Bd6 36. Nc2 Nd5 37. Bd2 Kb5 38. Ke4
Kc6 39. Kd3 f5 40. gxf5 exf5 41. Kc4 a6 42. Ne3 Nb6+ 43. Kd3 Bf4 44. Ba5
Bxe3 45. Kxe3 Nd5+ 46. Kd3 Nb6 47. Bxb6 Kxb6 48. f4 Kb5 49. Kc3 a5 50. Kd3
Kb4 51. Kc2 a4 52. bxa4 Kxa4 53. Kc3 Kb5 54. Kb3 Kc6 55. Kc4 Kd6 56. d5 Ke7
57. Kc5 Kd7 58. d6 Ke8 59. Kc6 Kd8 60. d7 1-0

[Event "Politiken"]
[Site "Copenhagen DEN"]
[Date "1996.06.28"]
[Round "6"]
[White "Hansen, Lars"]
[Black "Rowson, J"]
[Result "1/2-1/2"]
[WhiteElo "2250"]
[BlackElo "2415"]

1. e4 c5 2. Nc3 Nc6 3. g3 g6 4. Bg2 Bg7 5. d3 d6 6. Be3 Rb8 7. Qd2 b5 8.
Nf3 b4 9. Nd1 e5 10. O-O Nge7 11. Bh6 O-O 12. Bxg7 Kxg7 13. Ne3 f5 14. exf5
gxf5 15. Nc4 e4 16. Ng5 d5 17. Ne3 Ng6 18. Nh3 Be6 19. Rfe1 a5 20. Rad1 Rc8
21. dxe4 dxe4 22. Qe2 Qf6 23. Qh5 h6 24. f3 exf3 25. Bxf3 Nd4 26. Bg2 Rcd8
27. c3 bxc3 28. bxc3 Nb5 29. c4 Nc3 30. Rxd8 Rxd8 31. Kh1 Ne7 32. Nf4 Bf7
33. Qh3 Nxa2 34. Nh5+ Bxh5 35. Qxh5 Nb4 36. Rf1 Qg5 37. Qe2 Rf8 38. Nd5
Nexd5 39. cxd5 Qf6 40. Rd1 Qd6 41. Qb2+ Rf6 42. Qa1 Nc2 43. Qxa5 Ne3 44.
Qa7+ Kg6 45. Rd2 Qb6 46. Qa1 c4 47. h3 Qb8 48. Kh2 f4 49. Qe1 Qe5 50. Re2
Kf7 51. Kh1 Nxg2 52. Rxe5 Nxe1 53. Rxe1 f3 54. Rc1 f2 55. Kg2 c3 56. Rf1
Rf3 57. g4 Ke7 58. h4 Kd6 59. Rd1 Kc5 60. d6 Rf8 61. d7 Rd8 62. g5 hxg5 63.
hxg5 Kc4 64. g6 c2 65. Rc1 Kb3 66. g7 Kb2 67. Rxc2+ Kxc2 68. Kxf2 Kd3 69.
Kf3 Kd4 1/2-1/2

[Event "Politiken"]
[Site "Copenhagen DEN"]
[Date "1996.06.28"]
[Round "6"]
[White "Hellsten, J"]
[Black "Furhoff, J"]
[Result "1/2-1/2"]
[WhiteElo "2475"]
[BlackElo "2305"]

1. d4 Nc6 2. Nf3 d5 3. c4 Bg4 4. Nc3 e6 5. Bg5 f6 6. Bd2 Bxf3 7. gxf3 Nxd4
8. cxd5 exd5 9. Qa4+ Nc6 10. e4 d4 11. Nd5 a6 12. Rc1 Bd6 13. Rg1 Kf8 14.
Qb3 Rb8 15. f4 Qe8 16. Kd1 g6 17. h4 Kg7 18. e5 fxe5 19. f5 Qf7 20. Bd3
Nce7 21. Nxc7 Qxb3+ 22. axb3 Nf6 23. Ne6+ Kf7 24. Ng5+ Ke8 25. f4 e4 26.
Nxe4 Nxe4 27. Bxe4 gxf5 28. Bf3 Kf7 29. h5 b5 30. Ra1 Rb6 31. Ba5 Rbb8 32.
Be1 Bxf4 33. Rxa6 Be3 34. Rf1 Rhc8 35. Be4 Rc5 36. b4 Re5 37. Bg3 Rxe4 38.
Bxb8 f4 39. Ke2 Nd5 40. Bd6 Re6 41. Ra7+ Kf6 42. Bc5 Ke5 43. Kd3 Rh6 44.
Ra8 Rxh5 45. Bxd4+ Bxd4 46. Re8+ Ne7 47. Rxe7+ Kd6 48. Re8 Be3 49. Ke4 Rh2
50. Rd1+ Kc7 51. Re7+ Kc6 52. Ra1 Kb6 53. Re6+ Kc7 54. Raa6 Kb7 55. Rad6
Kc7 56. Rh6 Rxb2 57. Ke5 Rxb4 58. Rxh7+ Kc8 59. Rg6 Rd4 60. Rc6+ Kb8 61.
Rb6+ Kc8 62. Rbb7 Rc4 63. Kd5 Rd4+ 64. Kc6 Rc4+ 65. Kxb5 Rc5+ 66. Kb4 Rc6
67. Rbd7 Kb8 68. Rdf7 Rc1 69. Rh8+ Rc8 70. Rh5 Rc7 1/2-1/2

[Event "Politiken"]
[Site "Copenhagen DEN"]
[Date "1996.06.28"]
[Round "6"]
[White "Nouro, M"]
[Black "Nielsen, PH"]
[Result "0-1"]
[WhiteElo "2275"]
[BlackElo "2495"]

1. e4 c6 2. d4 d5 3. Nd2 dxe4 4. Nxe4 Bf5 5. Ng3 Bg6 6. h4 h6 7. h5 Bh7 8.
Nf3 Nd7 9. Bd3 Bxd3 10. Qxd3 e6 11. Bf4 Bb4+ 12. c3 Be7 13. O-O-O Ngf6 14.
Kb1 O-O 15. Rhe1 a5 16. Ne5 a4 17. c4 Qa5 18. Nf5 Rfe8 19. Nxh6+ gxh6 20.
Bxh6 Bf8 21. Qg3+ Kh7 22. Qd3+ Kg8 23. Qg3+ Kh7 24. Bxf8 Rxf8 25. h6 Rg8
26. Qd3+ Rg6 27. Nxg6 fxg6 28. Rxe6 Qf5 29. Re7+ Kxh6 30. Qxf5 gxf5 31.
Rde1 f4 32. R1e6 Kg5 33. Rd6 Nf8 34. Rg7+ Kf5 35. Rxb7 Re8 36. Rxc6 Re1+
37. Kc2 Re2+ 38. Kd1 Rxf2 39. Rb5+ Kg6 40. Rbb6 N8d7 41. Rb7 Kf5 42. Ra6
Rxg2 43. c5 f3 44. c6 Rg1+ 45. Kc2 f2 46. cxd7 Rc1+ 47. Kxc1 f1=Q+ 48. Kd2
Nxd7 49. Rba7 Qb1 50. Rxa4 Qxb2+ 51. Kd3 Qb5+ 52. Kc2 Ke4 53. Ra3 Nb6 54.
Re7+ Kxd4 55. Ree3 Qc6+ 56. Kb1 Qh1+ 57. Kc2 Qg2+ 58. Kc1 Nc4 59. Red3+ Ke4
60. Rab3 Qxa2 61. Rdc3 Qd2+ 62. Kb1 Qd1+ 63. Ka2 Nd2 64. Rb4+ Kd5 65. Rb2
Qa4+ 66. Ra3 Qc4+ 67. Ka1 Ke4 68. Ra7 Nb3+ 69. Ka2 Nc5+ 70. Ka3 Qc1 71. Ka2
Kd4 72. Rb4+ Kc3 73. Rb3+ Kd4 74. Rb4+ Kd5 75. Ra3 Qc2+ 76. Rb2 Qc4+ 77.
Ka1 Nd3 78. Rbb3 Qc1+ 79. Ka2 Qd2+ 80. Kb1 Qd1+ 0-1

[Event "Politiken"]
[Site "Copenhagen DEN"]
[Date "1996.06.28"]
[Round "6"]
[White "De Firmian, N"]
[Black "Baburin, A"]
[Result "1/2-1/2"]
[WhiteElo "2595"]
[BlackElo "2505"]

1. e4 Nf6 2. e5 Nd5 3. d4 d6 4. Nf3 Bg4 5. Be2 e6 6. O-O a6 7. c4 Nb6 8.
Qb3 Be7 9. Rd1 N8d7 10. Bf4 O-O 11. Nbd2 dxe5 12. dxe5 Qe8 13. h3 Bh5 14.
Qc2 Nc5 15. b4 Bg6 16. Qc3 Nca4 17. Qb3 c5 18. a3 cxb4 19. axb4 a5 20. b5
Nc5 21. Qe3 a4 22. Ra2 Qc8 23. Bg5 Bxg5 24. Nxg5 h6 25. Ngf3 Rd8 26. Nd4
Ncd7 27. Rc1 Qc5 28. N2f3 Rac8 29. Raa1 Qb4 30. Bd3 Bxd3 31. Qxd3 Rxc4 32.
Rxc4 Qxc4 33. Qxc4 Nxc4 34. Rxa4 Ndxe5 35. Nxe5 Nxe5 36. Kf1 Nd3 37. g3 Nc5
38. Rc4 b6 39. f4 Ra8 40. Kg2 Ra2+ 41. Rc2 Ra4 42. Nc6 Ra3 43. Ne7+ Kf8 44.
Nc8 Ne4 45. g4 Rg3+ 46. Kh2 Rb3 47. Nxb6 Rxb5 48. Nd7+ Ke7 49. Ne5 f6 50.
Ng6+ Kd6 51. Ra2 Kd5 52. Kg2 Rc5 53. Ra7 Kd4 54. Kf3 Rc3+ 55. Ke2 Rc2+ 56.
Kd1 Rh2 57. Rxg7 Rxh3 58. Nf8 Rc3 59. Ke2 Rc2+ 60. Kd1 Rc6 61. Ke2 Rc2+ 62.
Kd1 Rc3 63. Ke2 Re3+ 64. Kf1 Rg3 65. Ke2 Rg2+ 66. Kf1 Rd2 67. g5 hxg5 68.
Nxe6+ Ke3 69. fxg5 f5 70. Ra7 Ng3+ 71. Ke1 Re2+ 72. Kd1 Kf2 73. Nf4 Re4 74.
Nd3+ Ke3 75. Ra3 Rd4 76. g6 Ne4 77. Kc2 Rc4+ 78. Kb2 Kd2 79. g7 1/2-1/2

[Event "Politiken"]
[Site "Copenhagen DEN"]
[Date "1996.06.28"]
[Round "6"]
[White "Rasmussen, P"]
[Black "Andersen, OB"]
[Result "1/2-1/2"]
[WhiteElo "2285"]
[BlackElo "2110"]

1. d4 Nf6 2. c4 c5 3. Nf3 cxd4 4. Nxd4 e5 5. Nb5 d5 6. cxd5 Bc5 7. e3 O-O
8. a3 a6 9. b4 Bb6 10. N5c3 a5 11. Bb2 e4 12. Be2 axb4 13. axb4 Rxa1 14.
Bxa1 Na6 15. Qb3 Qd6 16. Bxa6 bxa6 17. Nd2 Bb7 18. Ndxe4 Nxe4 19. Nxe4 Qxd5
20. Qxd5 Bxd5 21. Nc3 Bc4 22. Kd2 Rb8 23. Rb1 Bc7 24. Ne4 Bd5 25. Nc5 Rb6
26. e4 Bc4 27. Bd4 a5 28. Kc3 Ba2 29. Rb2 axb4+ 30. Rxb4 Rxb4 31. Kxb4 Bxh2
32. g3 h5 33. Kc3 g5 34. Nd7 h4 35. Nf6+ Kf8 36. Be5 Bg1 37. Nh7+ Ke7 38.
Nxg5 f6 39. Nh3 fxe5 40. Nxg1 hxg3 41. fxg3 Bb1 42. Nf3 Bxe4 43. Nxe5 Kf6
44. Kd4 Bb1 45. Ng4+ 1/2-1/2

[Event "Politiken"]
[Site "Copenhagen DEN"]
[Date "1996.06.28"]
[Round "6"]
[White "Thorfinnsson, Bj"]
[Black "Hansen, HeM"]
[Result "1-0"]
[WhiteElo "2060"]
[BlackElo "2110"]

1. d4 d5 2. c4 dxc4 3. Nc3 Nf6 4. e4 c5 5. d5 b5 6. e5 b4 7. exf6 bxc3 8.
bxc3 Nd7 9. fxe7 Bxe7 10. Bxc4 Nb6 11. Bb3 c4 12. Bxc4 Nxc4 13. Qa4+ Qd7
14. Qxc4 Bb7 15. Qd4 Bf6 16. Qe3+ Kf8 17. Ne2 Qxd5 18. Ba3+ Kg8 19. Rb1 g5
20. h4 h6 21. hxg5 hxg5 22. Rxh8+ Kxh8 23. Be7 Bxe7 24. Qxe7 Bc6 25. Rd1
Qxg2 26. Qxf7 Re8 27. Rd6 Qh1+ 28. Kd2 Ba4 29. Qf6+ Kh7 30. Qf5+ Kh8 31.
Qf6+ Kh7 32. Qg6+ Kh8 33. Qh6+ Qxh6 34. Rxh6+ Kg7 35. Rd6 Re7 36. Nd4 Rd7
37. Ra6 Bb5 38. Ra5 Bc4 39. Rxg5+ Kh6 40. Ra5 Rf7 41. f3 Rb7 1-0

[Event "Politiken"]
[Site "Copenhagen DEN"]
[Date "1996.06.28"]
[Round "6"]
[White "Gabrielsen, S"]
[Black "Kulaots, K"]
[Result "0-1"]
[WhiteElo "2175"]
[BlackElo "2400"]

1. e4 c5 2. Nf3 Nc6 3. d4 cxd4 4. Nxd4 e6 5. Nc3 Qc7 6. f4 b6 7. Nxc6 Qxc6
8. Bb5 Qc7 9. f5 Nf6 10. Qf3 Bb7 11. Bg5 a6 12. Bxf6 axb5 13. fxe6 gxf6 14.
Qxf6 dxe6 15. O-O-O Rg8 16. Nxb5 Qc5 17. Rhf1 Qg5+ 18. Qxg5 Rxg5 19. Nc7+
Ke7 20. Nxa8 Bxa8 21. g3 Bxe4 22. Rd4 Bc6 23. a4 Ra5 24. b3 b5 25. Rh4 bxa4
26. Rxh7 Be8 27. bxa4 Rxa4 28. Kd2 Kd7 29. h4 Bd6 30. Rg7 Ke7 31. h5 Rd4+
32. Ke3 Bc5 33. h6 Rh4+ 34. Kd3 Rxh6 35. Kc4 Rh5 36. g4 Rd5 37. Rf5 Rxf5
38. gxf5 Bd6 39. fxe6 Kxe6 40. Rg8 Bc6 41. Kd4 Be5+ 42. Ke3 f5 43. Rg6+ Kd5
44. Rg5 f4+ 45. Kf3 Kd4+ 46. Kf2 Ke4 0-1

[Event "Politiken"]
[Site "Copenhagen DEN"]
[Date "1996.06.28"]
[Round "6"]
[White "Taimanov, M"]
[Black "Matthiesen, A"]
[Result "1/2-1/2"]
[WhiteElo "2480"]
[BlackElo "2255"]

1. Nf3 d6 2. d4 g6 3. e4 Bg7 4. c3 Nf6 5. Bd3 Nc6 6. O-O O-O 7. Nbd2 e5 8.
dxe5 dxe5 9. Nc4 Nh5 10. Bc2 h6 11. Qxd8 Rxd8 12. g3 Be6 13. Bb3 Nf6 14.
Re1 Nd7 15. Be3 Bf8 16. Ncd2 Bxb3 17. axb3 a5 18. Red1 Kg7 19. Nc4 b5 20.
Na3 Bxa3 21. bxa3 Nf6 22. Rxd8 Rxd8 23. a4 Rb8 24. Nd2 Ng4 25. Bc5 f5 26.
f3 Nf6 27. axb5 Rxb5 28. Bf2 fxe4 29. fxe4 Ne8 30. Kf1 Nd6 31. Ke2 Kf7 32.
Kd3 Ke6 33. Be3 Rb8 34. g4 Rd8 35. Kc2 Rf8 36. h4 h5 37. gxh5 gxh5 38. Rg1
Ra8 39. Rg6+ Kf7 40. Rh6 a4 41. bxa4 Rxa4 42. Kd3 Kg7 43. Rxh5 Ra1 44. Rg5+
Kh7 45. Nf3 Rd1+ 46. Bd2 Rh1 47. Rg3 Kh8 48. Bg5 Kh7 49. Nd2 Rd1 50. Rf3
Kg7 51. h5 Rh1 52. h6+ Kh7 53. Be3 Rh4 54. Rg3 Ne8 55. Nf3 Rh5 56. Kc4 Ne7
57. Kc5 Ng8 58. Rg5 Rxg5 59. Bxg5 Nef6 60. Nd2 Kg6 61. h7 Nxh7 62. Bd8 Ngf6
63. Kc6 Kg5 64. Kxc7 Kf4 65. Kd6 Nxe4+ 66. Nxe4 Kxe4 67. c4 Nf8 68. c5 Kf5
69. c6 Ne6 70. Bb6 Kf6 71. Be3 Kf5 72. Kd7 Kf6 73. Bg5+ Kf5 74. Bd2 Kf6 75.
Bc3 Kf5 76. Bb2 e4 77. Bd4 Nf8+ 1/2-1/2